书目信息 |
| 题名: |
1848年法国革命
|
|
| 作者: | 韩承文 著 | |
| 分册: | ||
| 出版信息: | 北京 商务印书馆 1972 |
|
| 页数: | 42页 | |
| 开本: | 19cm | |
| 丛书名: | ||
| 单 册: | ||
| 中图分类: | K565.41 | |
| 科图分类: | ||
| 主题词: | 西欧--历史 | |
| 电子资源: | ||
| ISBN: | ||
| 000 | 00549nam0 2200205 450 | |
| 001 | 0632300750 | |
| 005 | 20070926145044.59 | |
| 010 | @dCNY0.11 | |
| 100 | @a20060804d1972 km y0chiy0120 ea | |
| 101 | 0 | @achi |
| 102 | @aCN@b110000 | |
| 200 | 1 | @a1848年法国革命@A1848 nian fa guo ge ming@f韩承文著@Fhan cheng wen zhu |
| 210 | @a北京@c商务印书馆@d1972 | |
| 215 | @a42页@d19cm | |
| 300 | @a历史知识读物 | |
| 606 | 0 | @a西欧@x历史 |
| 690 | @aK565.41@v3 | |
| 701 | 0 | @a韩承文@Ahan cheng wen@4著 |
| 801 | 0 | @aCN@bPFT@c20070926 |
| 905 | @a10447@dK565.41@e24 | |
| 1848年法国革命/韩承文著.-北京:商务印书馆,1972 |
| 42页;19cm |
| 历史知识读物 |
| ISBN :CNY0.11 |
| ● |
| 相关链接 |
|
|
|
|
正题名:1848年法国革命
索取号:K565.41/24
 
预约/预借
| 序号 | 登录号 | 条形码 | 馆藏地/架位号 | 状态 | 备注 |
| 1 | 0444535 | 204445350 | 密集书库/ [索取号:K565.41/24] | 在馆 | |
| 2 | 0460495 | 204604954 | 密集书库/ [索取号:K565.41/24] | 在馆 | |
| 3 | 0609299 | 206092994 | 密集书库/ [索取号:K565.41/24] | 在馆 |